000 00650nam a22001817a 4500
003 UA-OsUOA
001 14043
007 ta
008 20030715b un ||||| |||| 00| 0 ukr d
100 _aКолодяжний М.
942 _cSA
040 _aUA-OsUOA
_cUA-OsUOA
_dUA-OsUOA
245 _aДомівка створена природою із участю турботливих людей: [Про держ. лісомислив. госп-во "Дубенське"]
300 _aС.1
955 _a0
773 0 _w0
_tЗелені шати
_dКостопіль
_d2003
_g№19/16 трав./
650 7 _aКраєзнавча робота
_2UDC
999 _c300204
_d300204